Journal of clinical sciences (Record no. 38370)

MARC details
000 -LEADER
fixed length control field 00428nam a2200169Ia 4500
022 ## - INTERNATIONAL STANDARD SERIAL NUMBER
ISSN 15959587
050 ## - CALL MARK
Classification number R 98 .C55/
245 #0 - TITLE STATEMENT
Title Journal of clinical sciences
260 ## - PUBLICATION, DISTRIBUTION, ETC. (IMPRINT)
Place of publication Lagos, Nigeria
260 ## - PUBLICATION, DISTRIBUTION, ETC. (IMPRINT)
Name of publisher University of lagos
260 ## - PUBLICATION, DISTRIBUTION, ETC. (IMPRINT)
Year of publication 2012
300 ## - PHYSICAL DESCRIPTION
Number of Pages vi, 22 p. :ill. 29 cm.
650 ## - SUBJECT ADDED ENTRY--TOPICAL TERM
Topical Term Medicine--Nigeria--Periodicals.
942 ## - ADDED ENTRY ELEMENTS (KOHA)
Koha item type Serials

No items available.